El uso de Enciclomedia para la formación cívica y ética.

Guardado en:
Bibliografiske detaljer
Hovedforfatter: Chávez Romo, Concepción (autor)
Andre forfattere: Osorio González, Beatriz V. coord (autor) coord, (autor), Martínez Jiménez, Yessica F. (autor) (autor)
Format: Bog
Sprog:spansk
Serier:(Serie: Documentos)
Fag:
Tags: Tilføj Tag
Ingen Tags, Vær først til at tagge denne postø!

MARC

LEADER 00000nam^a2200000^u^4500
001 000526453
005 20250521000000.0
008 130624s10001000^^^^cr^^r^^^^^000^0^spa^d
009 20260310130708.556
035 |a FCE 000070698 
037 |a Acervo ITESO - Biblioteca 
041 |a spa 
082 0 4 |a 372.358  |b SEPe EA-NA FCE 
100 |a Chávez Romo, Concepción  |e (autor) 
245 1 0 |a El uso de Enciclomedia para la formación cívica y ética. 
246 2 |a También se conoce como La enseñanza asistida por Enciclomedia. Nivel Avanzado. 
264 |a México:  |b SEP,  |c 2006. 
300 |a 27 p. 
336 |a texto  |b txt  |2 rdacontenido 
337 |a sin mediación  |b n  |2 rdamedio 
338 |a volumen  |b nc  |2 rdasoporte 
440 1 |a (Serie: Documentos) 
649 |a XX 
650 |a Enciclomedia 
650 |a Uso de la tecnología 
650 |a Sugerencias 
650 |a Proceso enseñanza aprendizaje 
650 |a Enseñanza de la formación cívica y ética 
700 |a Osorio González, Beatriz V.  |e coord  |e (autor) 
700 |a Martínez Jiménez, Yessica F.  |e (autor) 
910 |a Fondo Centro de Estudios Educativos 
920 |a Impresos - Libros 
930 |a Fondos Especiales 
905 |a 133 
901 |a ALE073899  |b IT2  |c CEE  |u 20250521 
901 |a ALE073900  |b IT2  |c CEE  |u 20250521 
902 |a https://opac.biblio.iteso.mx/vufind/Record/000526453